Vona / (Záznam č. 34270)

Podrobnosti MARC
000 -Návěští
Řídící pole kódované 24B 01474nam a2200313 i 4500
001 - Kontrolní číslo
Řídící pole proměnné 002200001587993
003 - Identifikátor kontrolního čísla
Řídící pole proměnné CZ PrSKC
005 - Datum posledního zpracování
Řídící pole 16B 20260512145338.0
008 - Údaje pevné délky
Řídící pole kódované 40B 260416s2026 xr ||| | cze
020 ## - ISBN
ISBN 978-80-275-2859-2
-- (vázáno) :
Dostupnost Kč 449,00
040 ## - Zdroj katalogizace-agentura
Agentura původní katalogizace TUG001
Jazyk katalogizace cze
Použitá pravidla popisu rda
072 #7 - Kód předmětové kategorie - Konspekt
Předmětová kategorie 821.162.3-3
Zpřesnění předmětové kategorie Česká próza
Zdroj předmětové klasifikace Konspekt
044 ## - Kód země vydání/výroby
Kód geografické oblasti/země xr
100 1# - Hlavní záhlaví - osobní jméno autora
Osobní jméno Klabouchová, Petra,
Datumy související se jménem 1980-
-- ola2006345384
Kód role aut
245 10 - Údaje o názvu
Název Vona /
Údaj o odpovědností, atd. Petra Klabouchová
250 ## - Údaje o vydání
Označení vydání První vydání
264 #1 - Nakladatelské údaje
Místo vydání Brno :
Nakladatel Host,
Rok vydání 2026
300 ## - Fyzický popis
Rozsah 324 stran ;
Rozměry 21 cm
336 ## -
-- text
-- txt
-- rdacontent
337 ## -
-- bez média
-- n
-- rdamedia
338 ## -
-- svazek
-- nc
-- rdacarrier
520 2# - Anotace
Anotace, atd. Příběh inspirovaný jedním z největších přírodních i lidských neštěstí Šumavy. Odlehlé osady pod Huťským štítem čekají v dubnu 1853 na příchod jara. Marně. Dočkají se jen přívalů sněhu, který všechno a všechny pohřbí. A taky hladu, neznámé epidemie, hrůzy a šílenství. Někteří si vyberou smrt, jiní se v boji o přežití zřeknou vlastního lidství. Ozvěnu té dávné tragédie si dodnes předávají potomci jednoho z rodů, zatímco hrůzné dědictví čeká na své odhalení.
655 #7 - Rejstříkový termín - žánr/forma
Žánr/forma či základní termín romány
-- fd133289
-- czenas
-- 2191
710 2# - Vedlejší záhlaví - jméno korporativního autora
Jméno korporace nebo jurisdikce Host (vydavatelství)
-- ko2003163544
Kód role pbl
900 ## -
-- TUG001
-- 14
998 ## - Místní kontrolní číslo (RLIN)
-- 010833578
910 ## - Údaje o vlastníkovi jednotky (exempláře)
Sigla vlastníka jednotky ABG508
993 ## - pracovní čísla
-- 294.00
-- 449.00
-- Team Business
-- 2026-05-12
-- 1076848
Jednotky
Stav ztráty Zdroj klasifikace pro skladování Stav poškození
  Universal Decimal Classification  

Používáme knihovní systém Koha